| 000 | 00827nam a22002297a 4500 | ||
|---|---|---|---|
| 999 |
_c17920 _d17920 |
||
| 003 | AR-CdUCM | ||
| 008 | 190405b ||||| |||| 00| 0 spa d | ||
| 040 |
_aMUNICIPALIDAD PROVINCIAL DEL CUSCO _cBIBLIOTECA MUNICIPAL DEL CUSCO |
||
| 041 | _hfre | ||
| 082 |
_a780.94 / _bM44 |
||
| 100 |
_aMauclair, Camille _926002 |
||
| 245 |
_aHistoria de la música moderna 1850-1914 : _bLos hombre - las ideas - las obras / |
||
| 260 |
_aBarcelona : _bTalleres graficos de la S.G., |
||
| 300 |
_a246 páginas ; _c21 cm. |
||
| 505 | _aContenido: La música alemana -- La música francesa -- la música austrohúngara -- La música rusa | ||
| 650 |
_aMúsica _91443 |
||
| 650 |
_aSiglo XX _98 |
||
| 650 |
_aHistoria y crítica _95993 |
||
| 700 |
_aBorras, Jose M. (traductor) _929604 |
||
| 942 |
_2ddc _cLIBROS |
||
| 945 |
_awnts _d2019-05-10 |
||